000 00838nab a22002537a 4500
001 22468
003 HDC
007 cr bn ---aaaaa
008 210128c20150917my ||||| |||| 00| 0 may d
040 _aHDC
100 _aNur Hanani Azman,
_eauthor
_97735
245 0 _aTiada pengetahuan, bukan alasan /
_cNur Hanani Azman & Nabil Basaruddin
336 _atext
_2rdacontent
337 _acomputer
_2rdamedia
338 _aonline resource
_2rdacarrier
650 _aEntrepreneurship
_9209
650 _aSmall business
_9208
700 _aNabil Basaruddin,
_eauthor
_97618
710 _aUtusan Malaysia
856 _zRequest full-text at [email protected]
942 _2lcc
942 _cNEWS
942 _kNWSC 006601
999 _c19784
_d19784